Head First SQL : A Brain Friendly Guide / (Record no. 1082)

MARC details
000 -LEADER
Fixed length control field 00506nam a2200181 4500
003 - CONTROL NUMBER IDENTIFIER
Control field SEACOMMC
005 - DATE AND TIME OF LATEST TRANSACTION
Control field 20250502134850.0
008 - FIXED-LENGTH DATA ELEMENTS--GENERAL INFORMATION
Fixed length control field 250213b |||||||| |||| 00| 0 eng d
020 ## - INTERNATIONAL STANDARD BOOK NUMBER / ISBN
International Standard Book Number 978-81-8404-368-6
Price Rs.500.00
040 ## - CATALOGING SOURCE
Original cataloging agency SEACOMMC
082 ## - DEWEY DECIMAL CLASSIFICATION NUMBER
Classification number 005.133 SQL
Book Number B 422
100 ## - MAIN ENTRY--PERSONAL NAME
Personal name Beighley,Lynn
245 1# - TITLE STATEMENT
Title Head First SQL : A Brain Friendly Guide /
Statement of responsibility Lynn Beighley
250 ## - EDITION STATEMENT
Edition statement 2nd reprint ed.
260 ## - IMPRINT
Place of publication Mumbai
Name of publisher Shroff publishers
Date of publication 2007
650 ## - SUBJECT ADDED ENTRY--TOPICAL TERM
Topical term Computer Science
942 ## - ADDED ENTRY ELEMENTS (KOHA)
Koha item type Books
Holdings
Withdrawn status Lost status Source of classification Damaged status Not for loan Home library Current library Shelving location Date acquired Total Checkouts Call number Accession number Date last seen Price effective from Koha item type Copy number
    Dewey Decimal Classification     SEACOM MANAGEMENT COLLEGE SEACOM MANAGEMENT COLLEGE Reference 23/07/2008   005.133 SQL B 422 M-2072 13/02/2025 13/02/2025 Reference Books  
    Dewey Decimal Classification     SEACOM MANAGEMENT COLLEGE SEACOM MANAGEMENT COLLEGE   23/07/2008   005.133 SQL B 422 M-2073 13/02/2025 13/02/2025 Books 1
    Dewey Decimal Classification     SEACOM MANAGEMENT COLLEGE SEACOM MANAGEMENT COLLEGE   23/07/2008   005.133 SQL B 422 M-2074 13/02/2025 13/02/2025 Books 2
    Dewey Decimal Classification     SEACOM MANAGEMENT COLLEGE SEACOM MANAGEMENT COLLEGE   23/07/2008   005.133 SQL B 422 M-2075 13/02/2025 13/02/2025 Books 3
    Dewey Decimal Classification     SEACOM MANAGEMENT COLLEGE SEACOM MANAGEMENT COLLEGE   23/07/2008   005.133 SQL B 422 M-2076 13/02/2025 13/02/2025 Books 4
    Dewey Decimal Classification     SEACOM MANAGEMENT COLLEGE SEACOM MANAGEMENT COLLEGE   23/07/2008   005.133 SQL B 422 M-2077 13/02/2025 13/02/2025 Books 5
    Dewey Decimal Classification     SEACOM MANAGEMENT COLLEGE SEACOM MANAGEMENT COLLEGE   23/07/2008   005.133 SQL B 422 M-2078 13/02/2025 13/02/2025 Books 6
    Dewey Decimal Classification     SEACOM MANAGEMENT COLLEGE SEACOM MANAGEMENT COLLEGE   23/07/2008   005.133 SQL B 422 M-2079 13/02/2025 13/02/2025 Books 7
    Dewey Decimal Classification     SEACOM MANAGEMENT COLLEGE SEACOM MANAGEMENT COLLEGE   23/07/2008   005.133 SQL B 422 M-2080 13/02/2025 13/02/2025 Books 8
    Dewey Decimal Classification     SEACOM MANAGEMENT COLLEGE SEACOM MANAGEMENT COLLEGE   23/07/2008   005.133 SQL B 422 M-2081 13/02/2025 13/02/2025 Books 9
© Seacom Engineering College, All rights reserved.    Powered by Koha